[Event "IV Copa Marcel Duchamp 2020"]
[Site "Montevideo"]
[Date "2020.02.10"]
[Round "4.21"]
[White "Vitoux, Colomban"]
[Black "De Cuadro, Dionisio"]
[Result "1-0"]
[WhiteElo "2377"]
[BlackElo "1650"]
[Annotator "TA"]
[PlyCount "49"]
[EventDate "2020.02.08"]
[EventType "swiss"]
[EventCountry "URU"]
[SourceTitle "playchess.com"]
[Source "ChessBase"]
[SourceQuality "1"]

{[%evp 9,49,-1,20,-23,18,16,18,0,0,0,28,2,14,22,82,77,118,112,201,191,221,206,347,347,330,296,281,286,276,254,287,206,310,194,424,437,427,435,431,421,1096,1091]} 1. c4 c5 2. Nf3 Nc6 3. g3 Nf6 4. Bg2 e5 5. O-O Be7 6. b3 {A30: Symmetrical English: Double Fianchetto and Hedgehog.} d6 7. Bb2 O-O 8. e3 {The position is equal.} Bg4 {[#] And now ...e4 would win.} 9. h3 {[#]} Bf5 $146 ({Predecessor:} 9... Bh5 10. d3 e4 11. dxe4 Nxe4 12. a3 Bf6 13. Qc2 Bg6 14. Bxf6 Qxf6 15. Qa2 Rad8 {½-½ (35) Gupta,R (1626)-Serrano Campos,J (1930) Barbera del Valles 2019}) 10. d4 cxd4 11. exd4 Qc7 (11... e4 $11 {keeps the balance.} 12. Nh4 Bd7) 12. Nc3 $16 a6 13. Rc1 Rfd8 {[#]} (13... e4 $16 {was called for.}) 14. Nd5 $1 $18 {[%cal Rd5c7]} Qa5 15. Nh4 ({Much less strong is} 15. dxe5 $6 Nxd5 16. cxd5 (16. Qxd5 Qxa2 {[%mdl 64] Double Attack} 17. exd6 Qxb2 $11) 16... dxe5) 15... Bc8 (15... Bg6 {was worth a try.} 16. Bc3 Qa3 17. Nxe7+ Nxe7) 16. Bc3 Qa3 {Black wants to play ...Nxd5.} 17. Nxe7+ Nxe7 18. Qd2 a5 19. dxe5 Ne8 20. Rfd1 {aiming for Qg5.} Qc5 (20... Nc6 $142 21. exd6 Rxd6) 21. Qg5 Qc7 $2 (21... f6 22. Qh5 fxe5 23. Bxe5 Be6) 22. exd6 {White is clearly winning.} Rxd6 23. Be5 {Black must now prevent Rxd6.} Rxd1+ 24. Rxd1 h6 (24... f6 $142 25. Qh5 g6 26. Bxc7 gxh5) 25. Qe3 {Accuracy: White = 71%, Black = 36%.} 1-0

[Event "IV Copa Marcel Duchamp 2020"]
[Site "Montevideo"]
[Date "2020.02.10"]
[Round "4.22"]
[White "Coppola, Claudio"]
[Black "Aguilar Samper, Valentin"]
[Result "1-0"]
[WhiteElo "2314"]
[BlackElo "1946"]
[Annotator "TA"]
[PlyCount "43"]
[EventDate "2020.02.08"]
[EventType "swiss"]
[EventCountry "URU"]
[SourceTitle "playchess.com"]
[Source "ChessBase"]
[SourceQuality "1"]

{[%evp 9,43,-18,-18,-22,12,-15,-1,0,0,0,4,4,10,5,97,91,105,96,114,114,110,-41,-35,-44,-34,-40,-37,-38,589,569,611,624,1275,1262,1990,1950]} 1. d4 d5 2. Nc3 Nf6 3. Bf4 a6 4. e3 e6 5. Nf3 c5 6. Ne5 {D00: 1 d4 d5: Unusual lines.} Nc6 7. Be2 cxd4 8. exd4 {The position is equal.} Qb6 9. Na4 Qa5+ 10. c3 Nxe5 11. dxe5 {[#]} Ne4 $146 {[#]} (11... Nd7 $11) ({Predecessor:} 11... Nd7 12. b4 Qc7 13. Qd4 g5 14. Bxg5 Rg8 15. Bh4 b5 16. Nb2 Qxe5 17. Qd3 Bg7 {½-½ (64) Bromann,T (2395)-Thorfinnsson,B (2433) Reykjavik 2019}) 12. Be3 $1 $16 {[%cal Re3b6]} Bd7 13. Nb6 $36 {[%mdl 2048] White is on the roll.} Rd8 14. Nxd7 Rxd7 15. f3 $2 ({White should play} 15. Bd4 $16) 15... d4 $1 $15 {[%cal Rd4c3]} 16. Bxd4 Bc5 {[#] Threatens to win with ...Bxd4.} 17. Qc2 {Hoping for b4.} Rxd4 18. fxe4 Qc7 $2 {[%mdl 8192]} (18... Ba7 $15 {keeps the upper hand.}) 19. cxd4 $18 {White is clearly winning.} Qa5+ 20. Kf1 Bxd4 21. Qc8+ Ke7 22. Qxb7+ {[%mdl 64] Double Attack. Accuracy: White = 72%, Black = 54%.} 1-0

[Event "IV Copa Marcel Duchamp 2020"]
[Site "Montevideo"]
[Date "2020.02.10"]
[Round "4.23"]
[White "Michailov, Matias"]
[Black "Pinero, Ismael"]
[Result "1-0"]
[WhiteElo "2262"]
[BlackElo "1914"]
[Annotator "TA"]
[PlyCount "73"]
[EventDate "2020.02.08"]
[EventType "swiss"]
[EventCountry "URU"]
[SourceTitle "playchess.com"]
[Source "ChessBase"]
[SourceQuality "1"]

{[%evp 19,73,7,16,0,12,0,0,0,18,16,62,68,56,63,56,59,100,62,67,56,76,81,89,60,81,82,169,131,152,98,190,155,217,159,491,473,494,503,834,843,894,835,962,361,565,568,755,765,743,752,5261,5210,29973,11523,5357,5318]} 1. e4 c5 2. Nf3 Nc6 3. d4 cxd4 4. Nxd4 Nf6 5. Nc3 e5 6. Ndb5 d6 7. Nd5 Nxd5 8. exd5 Nb8 9. a4 Be7 10. Be2 O-O 11. Bd2 {B33: Sicilian: Pelikan and Sveshnikov Variations.} f5 12. O-O a6 13. Na3 {The position is equal.} Nd7 14. a5 {[#]} Kh8 $146 ({Predecessor:} 14... e4 15. Nc4 Ne5 16. Nb6 Rb8 17. f4 exf3 18. Bxf3 Bf6 19. c3 g5 20. Be2 f4 21. Nxc8 Qxc8 {½-½ (40) Svidler,P (2735)-Caruana,F (2819) Karlsruhe/Baden Baden 2019}) 15. Nc4 Nf6 16. Nb6 $36 {[%mdl 2048] White has the initiative.} Rb8 17. f4 Qc7 18. Be3 exf4 19. Rxf4 Nd7 20. Ra3 Ne5 21. Bd4 Ng6 22. Rf1 Qd8 (22... Bf6 $16) 23. c4 $18 Bf6 24. c5 (24. b4 $142) 24... Be5 (24... Bxd4+ $16 25. Qxd4 dxc5 26. Qxc5 Bd7) 25. c6 Rf7 (25... bxc6 $16 {was called for.} 26. dxc6 Qe7) 26. Bh5 Bxd4+ $2 {[#]} (26... bxc6 $16 27. dxc6 Be6 28. Bxg6 hxg6) 27. Qxd4 bxc6 28. dxc6 Be6 (28... f4 $142 29. Bxg6 hxg6) 29. Bxg6 hxg6 30. Re1 Rf6 31. Qh4+ Kg8 32. Rae3 Rxb6 33. axb6 Qxb6 34. Qf2 Kf7 35. Rxe6 Qxf2+ 36. Kxf2 {[#] White threatens Rxf6+ and mate.} Rxe6 37. c7 {Accuracy: White = 78%, Black = 42%.} 1-0

[Event "IV Copa Marcel Duchamp 2020"]
[Site "Montevideo"]
[Date "2020.02.10"]
[Round "4.24"]
[White "El Ters, Antouan"]
[Black "Avedisian, Alexander"]
[Result "1-0"]
[WhiteElo "2189"]
[BlackElo "1892"]
[Annotator "TA"]
[PlyCount "71"]
[EventDate "2020.02.08"]
[EventType "swiss"]
[EventCountry "URU"]
[SourceTitle "playchess.com"]
[Source "ChessBase"]
[SourceQuality "1"]

{[%evp 9,83,61,92,92,159,153,160,93,121,121,127,117,202,194,243,242,277,270,293,283,300,281,473,433,382,346,347,329,376,370,357,217,339,350,301,235,286,158,266,209,321,342,406,393,389,378,442,435,486,481,477,436,510,596,588,455,1058,1066,1297,1292,1439,1426,1418,1356,1333,1202,29973,29974,29980,29980,29991,29992,29997,29998,29998,29999]} 1. e4 c5 2. Nf3 g6 3. Bc4 Nc6 4. c3 Na5 5. Be2 {[#]} Nc6 $146 ({Predecessor:} 5... Bg7 6. d4 cxd4 7. cxd4 Nf6 8. Nc3 O-O 9. e5 Ne8 10. O-O d5 11. b4 Nc6 12. b5 {0-1 (45) Kotan,L (2334)-Ruzicka,P (2267) Olomouc 2008}) 6. d4 {B30: Sicilian: 2...Nc6 3 Bb5, lines without ...g6.} d5 {[#]} (6... Bg7 $142) 7. exd5 $1 $16 ({Resist} 7. dxc5 $6 dxe4 8. Qxd8+ Nxd8 $11) 7... Qxd5 {[#]} 8. c4 (8. Na3 $142 $1) 8... Qd6 {[%cal Rc5d4]} 9. d5 Ne5 10. Nc3 a6 (10... Nxf3+ $16 {was called for.} 11. Bxf3 Qe5+ 12. Be2 Nf6) 11. Ne4 $18 Nxf3+ 12. Bxf3 Qc7 13. O-O Bf5 14. Qa4+ Bd7 15. Qa3 {d6 is the strong threat.} Rc8 $2 (15... Bf5 {might work better.} 16. Qxc5 Qxc5 17. Nxc5 O-O-O) 16. Qc3 f6 17. Re1 Kf7 18. Be3 b6 19. Rad1 Bf5 20. a4 a5 (20... Bxe4 {was necessary.} 21. Bxe4 Bh6) 21. Ng3 {Strongly threatening d6!} Bd7 22. h4 h5 23. Ne4 (23. d6 $18 exd6 24. Bd5+ Be6 25. Bxe6+ Kxe6 26. Bxc5+ Kf7 27. Bd4) 23... Bf5 (23... Qd8 $16 24. b3 Bg7) 24. g3 Bxe4 (24... Re8 $142 25. Bc1 Qa7) 25. Bxe4 Qd7 26. Qc2 f5 27. Bf3 Nf6 28. Bg5 Ne8 29. Re6 Nd6 30. Rde1 Re8 31. b3 Rh7 32. Qe2 f4 (32... Rh8 $142 33. Qe3 Qd8) 33. Bxf4 Nf5 34. Be4 Bg7 35. Bxf5 gxf5 36. Qc2 {Played: Qe2-d3} 1-0

[Event "IV Copa Marcel Duchamp 2020"]
[Site "Montevideo"]
[Date "2020.02.10"]
[Round "4.25"]
[White "Cucchi, Nicolas"]
[Black "Carvalho, Guillermo"]
[Result "1/2-1/2"]
[WhiteElo "1970"]
[BlackElo "2187"]
[Annotator "TA"]
[PlyCount "76"]
[EventDate "2020.02.08"]
[EventType "swiss"]
[EventCountry "URU"]
[SourceTitle "playchess.com"]
[Source "ChessBase"]
[SourceQuality "1"]

{[%evp 15,76,12,35,4,9,8,8,9,35,15,22,30,43,0,14,-46,-43,-54,-55,-63,-60,-70,-64,-67,-63,-82,-67,-74,-73,-70,-38,-37,-37,-37,-37,-42,-48,-78,-78,-75,-82,-82,-58,-50,-8,-8,0,0,0,0,0,-32,-14,-27,-27,-66,-11,-19,-4,-10,0,0,0]} 1. Nf3 d5 2. b3 Nf6 3. Bb2 Bf5 4. d3 e6 5. g3 h6 6. Bg2 Be7 7. O-O O-O 8. Nbd2 c5 9. Re1 {A07: Réti Opening: New York and Capablanca Systems.} Nc6 10. Ne5 Nxe5 11. Bxe5 {[#]} Qb6 $146 ({Predecessor:} 11... Nd7 12. Bb2 Bf6 13. Bxf6 Nxf6 14. e4 Bh7 15. e5 Nd7 16. Qe2 Rc8 17. h4 Nb8 {½-½ (34) Cosic,R (2157)-Jukic,Z (2266) Croatia 2015}) 12. h3 Bg6 13. e4 Rad8 14. Qe2 Rfe8 15. Bxf6 (15. a4 $11) 15... Bxf6 $15 16. e5 Be7 17. Nf3 Qa5 18. Red1 Qc3 19. Qd2 Qxd2 20. Rxd2 c4 21. bxc4 dxc4 22. dxc4 b6 23. Rad1 {[#]} Bxc2 $1 {[%mdl 512]} 24. Rxd8 (24. Rxc2 Rxd1+) 24... Rxd8 25. Rxd8+ Bxd8 {[%mdl 4096] Endgame KBB-KBN} 26. Nd4 Bb1 27. Nc6 Bc7 28. a3 a6 {[%cal Ba7a6,Ba6a5][%mdl 32]} 29. f4 Kf8 30. Kf2 Ke8 31. Ke3 Kd7 32. Nb4 a5 33. Bc6+ Kc8 34. Nd3 f6 35. Kd4 Bd8 (35... Bxd3 $15 36. Kxd3 fxe5) 36. a4 $11 {The position is equal.} fxe5+ 37. fxe5 Kc7 38. Bb5 Bxd3 {Accuracy: White = 74%, Black = 83%.} 1/2-1/2

[Event "IV Copa Marcel Duchamp 2020"]
[Site "Montevideo"]
[Date "2020.02.10"]
[Round "4.26"]
[White "Benoit, Rodrigo"]
[Black "Palacio, Enzo"]
[Result "1-0"]
[WhiteElo "2170"]
[BlackElo "1869"]
[Annotator "TA"]
[PlyCount "93"]
[EventDate "2020.02.08"]
[EventType "swiss"]
[EventCountry "URU"]
[SourceTitle "playchess.com"]
[Source "ChessBase"]
[SourceQuality "1"]

{[%evp 20,93,-3,-16,31,-8,35,37,45,33,56,0,43,38,64,39,49,15,53,35,84,72,99,82,89,83,95,0,106,89,88,85,106,97,204,203,218,157,1272,1070,698,189,166,130,314,289,303,280,308,286,263,236,234,0,315,307,296,277,277,263,267,274,280,244,364,346,331,333,796,712,767,327,29990,29991,29997,29998]} 1. e4 c5 2. Nf3 d6 3. d4 cxd4 4. Qxd4 Nc6 5. Bb5 Bd7 6. Bxc6 Bxc6 7. O-O Nf6 8. Re1 g6 9. c4 Bg7 10. Nc3 O-O 11. Qd3 Qd7 {B53: Sicilian: 2...d6: Lines with Qxd4.} 12. Bf4 Rfd8 {[#]} 13. Rad1 $146 ({Predecessor:} 13. h3 Rac8 14. Rad1 a6 15. Nd5 Bxd5 16. cxd5 Nh5 17. Bc1 Qa4 18. a3 Qc2 19. Rd2 Qxd3 20. Rxd3 {½-½ (41) Ng,C-Nguyen Tan Hoang,N (1792) Caldas Novas 2011}) 13... Rac8 {White is slightly better.} 14. b3 Qe8 15. Nd5 (15. Nd4 $14) 15... Bxd5 16. exd5 Qd7 17. Re2 Re8 18. Rde1 a6 19. h3 Kf8 20. Nd4 Rc7 21. Bd2 Rcc8 22. Qf3 Kg8 23. Qd3 Kf8 $1 24. a4 $36 {[%mdl 2048] White is on the roll.} Qc7 25. Kh1 Qd7 26. g4 Rc7 (26... Qc7 $16) 27. f4 $18 Rcc8 28. f5 Ng8 $2 (28... Kg8 $16 29. Ba5 g5) 29. fxg6 hxg6 {[#]} 30. Nf3 $2 (30. Ne6+ $1 {[%mdl 512]} fxe6 31. Rxe6) 30... Nf6 31. a5 Rc7 $2 (31... Kg8 $16 {might work better.} 32. Ng5 Nh7) 32. Ng5 Kg8 33. Rf1 Rf8 34. Ref2 Qe8 35. Qg3 {Black must now prevent Qh4.} Bh6 {With the idea ...Bxg5.} 36. Qd3 $2 ({White should try} 36. Re1 $18 {Rxf6! is the strong threat.} Nd7 37. Bf4) 36... Bxg5 $4 {[%mdl 8192]} (36... Bg7 $1 $11 {and Black is okay.}) 37. Bxg5 Kg7 38. Qe3 {[%cal Rf2f6] Threatens to win with Rxf6.} ({Less strong is} 38. Bxf6+ exf6 39. Rxf6 Re7 $18) 38... Ng8 39. h4 f6 40. h5 gxh5 41. gxh5 Qxh5+ (41... Rf7 $142 42. Bf4 Kh8 43. Bxd6 Rc8) 42. Rh2 Qxg5 {[#]} 43. Rg1 $1 {[%mdl 512]} Qxg1+ $2 (43... Kf7 44. Rxg5 fxg5) 44. Qxg1+ Kf7 45. Qe3 (45. Qg4 $142 {White threatens Qh5+ and mate.} Ke8 46. Rh8) 45... Rcc8 $2 (45... f5 $18 46. Qb6 (46. Qg5 Nf6 $18) 46... Rd7) 46. Qe6+ Kg7 47. Qg4+ {Accuracy: White = 69%, Black = 47%.} 1-0

[Event "IV Copa Marcel Duchamp 2020"]
[Site "Montevideo"]
[Date "2020.02.10"]
[Round "4.27"]
[White "Trois, Francisco R.T."]
[Black "Barandiaran, Gabriel"]
[Result "1-0"]
[WhiteElo "2141"]
[BlackElo "1834"]
[Annotator "TA"]
[PlyCount "67"]
[EventDate "2020.02.08"]
[EventType "swiss"]
[EventCountry "URU"]
[SourceTitle "playchess.com"]
[Source "ChessBase"]
[SourceQuality "1"]

{[%evp 11,67,24,20,20,27,25,28,25,27,17,37,35,45,45,38,42,45,35,101,62,66,52,98,89,78,57,95,79,128,129,429,402,423,401,511,514,784,772,844,816,800,788,862,855,947,898,1284,1164,1360,1377,1256,1187,1187,1206,3107,3805,2528,1118]} 1. c4 e5 2. Nc3 Nf6 3. Nf3 d6 4. g3 c5 5. Bg2 Nc6 6. O-O Be7 7. a3 {[#] A34: Symmetrical English: 2 Nc3, lines with ...d5.} Bf5 $146 {[#]} ({Predecessor:} 7... O-O 8. Rb1 h6 9. b4 e4 10. Ne1 Bf5 11. d3 exd3 12. Nxd3 Rb8 13. Bf4 g5 14. Be3 Ne5 15. bxc5 Nxd3 16. exd3 dxc5 {1-0 (30) Socko,B (2588)-Bartel,M (2360) Poland 2018}) 8. b4 $1 {[%cal Bb2b4,Bb4b5][%mdl 544]} Qd7 (8... cxb4 9. axb4) 9. b5 {White has an edge.} Nd4 10. d3 Bh3 11. e3 {aiming for Bxh3.} Bxg2 12. Kxg2 Ne6 13. a4 h6 14. e4 Ng5 (14... a6 $14) 15. Ng1 Ne6 16. f4 exf4 17. gxf4 Nd4 18. h3 g6 19. Be3 Nh5 20. Nd5 f5 $2 {[%mdl 8192] [#]} (20... Nf6 $16 {was called for.}) 21. Bxd4 $18 cxd4 22. exf5 O-O-O 23. fxg6 {White is clearly winning.} Ng7 (23... Nf6 $142 24. Re1 Nxd5) 24. Qg4 Rde8 25. Qxd7+ Kxd7 26. f5 Nh5 27. f6 Bd8 28. f7 Ref8 29. Nf3 Ng7 30. Nxd4 h5 31. Kh1 Rh6 32. Rg1 Bb6 33. Nxb6+ axb6 34. Rad1 {Accuracy: White = 92%, Black = 34%.} 1-0

[Event "IV Copa Marcel Duchamp 2020"]
[Site "Montevideo"]
[Date "2020.02.10"]
[Round "4.28"]
[White "Silva Rosas, Natalia"]
[Black "Torella, Rodolfo"]
[Result "0-1"]
[WhiteElo "1787"]
[BlackElo "2081"]
[Annotator "NA RC"]
[PlyCount "78"]
[EventDate "2020.02.08"]
[EventType "swiss"]
[EventCountry "URU"]
[SourceTitle "playchess.com"]
[Source "ChessBase"]
[SourceQuality "1"]
[TimeControl "5400+30"]

{[%evp 8,66,0,-13,16,-28,-29,-18,0,-5,-4,-31,-12,-22,-26,-41,6,0,0,0,0,-6,0,0,49,-14,0,-202,-197,-183,-188,-169,-139,-190,-154,-218,32767,-231,32767,32767,32767,32767,32767,-433,32767,-345,-363,-382,-435,-391,-422,-474,-496,-597,-600,-702,32767,32767,32767,32767,-883]} 1. e4 {[%emt 0:00:00]} c5 {[%emt 0:00:00]} 2. Nc3 {[%emt 0:00:00]} Nc6 {[%emt 0:00:16]} 3. f4 {[%emt 0:00:00]} e6 {[%emt 0:01:23]} 4. Nf3 {[%emt 0:00:00]} a6 {[%emt 0:01:12]} 5. a4 {[%emt 0:00:03]} d6 {[%emt 0:04:41]} 6. Bc4 {[%emt 0:00:22]} Nf6 {[%emt 0:02:18]} 7. d3 {[%emt 0:03:39]} Be7 {[%emt 0:07:36]} 8. O-O {[%emt 0:00:09]} O-O {[%emt 0:00:53]} 9. Qe1 {[%emt 0:00:19]} Nb4 {[%emt 0:06:38] B23: Closed Sicilian: Lines without g3.} 10. Qf2 {[%emt 0:02:21]} Qc7 {[%emt 0:06:20] [#]} 11. e5 $146 {[%emt 0:05:29]} ({Predecessor:} 11. Kh1 Bd7 12. Rg1 Ng4 13. Qe2 Kh8 14. h3 Nf6 15. g4 Bc6 16. g5 Ng8 17. h4 {½-½ (58) Hina,A (1370)-Gade,J (1575) Helsingor 2016}) 11... Nd7 {[%emt 0:04:27]} 12. exd6 {[%emt 0:03:00]} Bxd6 {[%emt 0:00:40]} 13. Ne4 {[%emt 0:00:36]} Be7 {[%emt 0:09:59]} 14. c3 {[%emt 0:00:42]} Nd5 {[%emt 0:00:26]} 15. f5 {[%emt 0:00:51]} N7b6 {[%emt 0:10:45]} 16. Bxd5 {[%emt 0:04:45]} Nxd5 {[%emt 0:03:20]} 17. Bg5 $2 {[%emt 0:04:43]} (17. c4 $11 {and White is okay.} Nf6 18. Nxf6+ Bxf6 19. Be3) 17... f6 {[%emt 0:04:05]} ({Weaker is} 17... exf5 18. Bxe7 Qxe7 19. Nxc5 $11) 18. Bd2 {[%emt 0:02:38]} exf5 {[%emt 0:00:21]} 19. Ng3 {[%emt 0:00:51]} Bd6 {[%emt 0:04:40]} 20. Ne2 {[%emt 0:02:29]} Bd7 {[%emt 0:02:16]} 21. Qh4 {[%emt 0:02:23]} (21. c4 {was necessary.} Ne7 22. Rfc1) 21... Rae8 {[%emt 0:05:09]} 22. Rae1 {[%emt 0:05:12]} Ne3 {[%emt 0:00:03]} 23. Bxe3 {[%emt 0:01:56]} Rxe3 {[%emt 0:02:14]} 24. Nd2 {[%emt 0:02:59]} Rfe8 25. Rf2 {[%emt 0:03:29]} Kh8 {[%emt 0:05:15]} 26. Nf1 {[%emt 0:04:11]} R3e7 {[%emt 0:02:03]} ({Weaker is} 26... Rxd3 27. Qc4 $19) 27. Nfg3 {[%emt 0:00:16]} Bxg3 {[%emt 0:00:29] Pin} 28. hxg3 {[%emt 0:00:19]} Re3 {[%emt 0:01:46]} 29. Qh5 {[%emt 0:01:30]} Qc8 {[%emt 0:02:53]} 30. Rf4 {[%emt 0:02:27]} g6 {[%emt 0:01:18]} 31. Qh6 {[%emt 0:01:28]} Rxe2 {[%emt 0:01:14]} 32. Rxe2 {[%emt 0:00:21]} Rxe2 {[%emt 0:00:03]} 33. Rh4 {[%emt 0:00:26]} Qg8 $19 {[%emt 0:00:33]} 34. b4 {[%emt 0:00:45]} cxb4 {[%emt 0:01:17]} 35. Kf1 {[%emt 0:00:13]} Re8 {[%emt 0:01:10]} 36. cxb4 {[%emt 0:00:35]} Bxa4 {[%emt 0:01:03]} 37. Qc1 {[%emt 0:00:43]} Bb5 {[%emt 0:00:42]} 38. Qc3 {[%emt 0:00:10]} Qe6 {[%emt 0:00:15]} 39. Kg1 {[%emt 0:01:10]} Qe1+ {[%emt 0:00:10]} 0-1

[Event "IV Copa Marcel Duchamp 2020"]
[Site "Montevideo"]
[Date "2020.02.10"]
[Round "4.29"]
[White "Suarez, Pedro"]
[Black "Alvarez Ramirez, Miguel Angel"]
[Result "1-0"]
[WhiteElo "2063"]
[BlackElo "2282"]
[Annotator "TA"]
[PlyCount "63"]
[EventDate "2020.02.08"]
[EventType "swiss"]
[EventCountry "URU"]
[SourceTitle "playchess.com"]
[Source "ChessBase"]
[SourceQuality "1"]

{[%evp 11,94,61,81,57,59,11,36,33,41,6,0,7,20,-48,42,50,58,46,187,191,189,193,208,201,206,193,193,147,160,152,183,168,163,125,222,230,285,284,367,351,662,677,908,0,1414,1317,5373,4990,5497,989,29966,29967,3129,5373,29983,29984,29987,29958,5850,5787,29966,29967,29966,29965,29968,29965,29969,29966,29957,12460,6756,6070,29977,29977,29979,29980,29980,29981,29981,29982,29982,29983,29983,29984,29983]} 1. d4 Nf6 2. c4 e6 3. Nc3 c5 4. d5 exd5 5. cxd5 d6 6. Nf3 Bg4 7. Bf4 {[#] A60: Modern Benoni: Early Divergences.} Bxf3 $146 ({Predecessor:} 7... a6 8. a4 g6 9. e3 Bg7 10. Be2 O-O 11. Nd2 Bxe2 12. Qxe2 Re8 13. Nc4 Bf8 14. h3 Qc7 {1-0 (26) Groiss,W (1807)-Kessler,M (1697) Innsbruck 2019}) 8. gxf3 Be7 9. e4 {White is slightly better.} Nbd7 10. Qb3 O-O 11. Be2 Nh5 12. Be3 (12. Bg3 $1 $11) 12... Re8 (12... Bg5 $15) 13. f4 $36 {[%mdl 2048] White has good play.} Nhf6 14. O-O-O a6 {[#]} (14... Bf8 $14) 15. e5 $1 $18 (15. Qxb7 $6 Bf8 $14) 15... dxe5 16. d6 ({Not} 16. Qxb7 Bd6 $15) 16... Bf8 17. Bc4 ({Weaker is} 17. Qxb7 Rb8 $14) 17... exf4 18. Bxf7+ (18. Bxf4 Ne5 $16) 18... Kh8 19. Bxe8 fxe3 20. Bxd7 $1 e2 21. Nxe2 Qxd7 22. Qf3 Rd8 (22... Bxd6 $16 23. Ng3 Qc7) 23. Ng3 Qa4 24. Kb1 ({Resist} 24. Qxb7 $6 Bxd6 25. Qb3 Qf4+ 26. Qe3 Qb4 $18) 24... b5 25. Qc6 c4 $2 (25... Qf4 26. Qxc5 Rxd6 27. Rxd6 Qxd6 28. Qxd6 Bxd6) 26. Qc7 Rd7 27. Qc6 $2 (27. Qc8 $18 b4 28. Qxf8+ Ng8 29. Rd4) 27... Kg8 $2 {[%mdl 8192]} (27... Rd8 $11 28. Qc7 c3 29. Qxd8 c2+ 30. Kc1 cxd1=Q+ 31. Rxd1 Kg8) 28. Ne4 c3 29. Nxf6+ gxf6 30. Qxc3 (30. bxc3 $142 Kh8 31. Qxd7 Qe4+ 32. Ka1 Qe5 {[#]} 33. Qc8 $1 {[%mdl 576] Double Attack} Kg7 34. Rhg1+ Qg5 35. Rxg5+ fxg5 36. Qf5) 30... Qf4 31. Rhg1+ Kf7 {[#]} 32. Qb3+ {Played: Qc3-h3} 1-0